000 00461nam a22001697a 4500
003 SISC
005 20190619134832.0
008 130907t xxu||||| |||| 00| 0 eng d
020 _a9787561114667
050 _aHD 30.15
_b.W246 1988
082 _aHS 658.951
_bIn8 1988
100 _aWang, Xuexian
_917109
245 _aGuo ji shang shi fa (International general management)/
_cXuexian Wang
300 _a327 p. :
_c21 cm.
942 _2lcc
_cBK
999 _c10617
_d10617